Кинофантастика XX века - Statistics

General Stats
  • This quiz has been taken 62 times
  • The average score is 14 of 32
Answer Stats
Picture Answer % Correct
Люди в чёрном
92%
Терминатор
89%
Матрица
85%
Кин-дза-дза!
79%
Чужой
75%
Иван Васильевич меняет профессию
74%
Терминатор 2: Судный день
72%
Звёздные войны. Эпизод IV: Новая надежда
72%
Назад в будущее
68%
Гостья из будущего
58%
Робокоп
57%
Бегущий по лезвию
51%
Звёздный десант
51%
Вспомнить всё
45%
Космическая одиссея 2001 года
45%
Чужие
43%
Трон
38%
Марс атакует!
36%
Солярис
36%
Джонни-мнемоник
34%
Газонокосильщик
26%
Москва-Кассиопея
25%
Машина времени
25%
Метрополис
23%
Побег из Нью-Йорка
19%
Разрушитель
17%
Тринадцатый этаж
13%
Муха
13%
Аэлита
13%
Сфера
11%
Тёмный город
9%
THX 1138
6%
No matching quizzes found
Score Distribution
Percent of People with Each Score
Percentile by Number Answered
Your Score History
You have not taken this quiz